| 000 | 01532nam a22003377i 4500 | ||
|---|---|---|---|
| 003 | EG-ScBUE | ||
| 005 | 20260503102849.0 | ||
| 008 | 111115s1974 ua|a frb 00|10 ara dd | ||
| 017 | _a3256/ 74 | ||
| 040 |
_aEG-ScBUE _bara _erda _cEG-ScBUE _dEG-ScBUE |
||
| 082 | 0 | 4 |
_a549 _bح ل م _222 |
| 100 | 1 |
_927747 _aحلمي، محمد عز الدين، _eمؤلف. |
|
| 245 | 1 | 0 |
_aعلم المعادن / _cتأليف دكتور محمد عز الدين حلمي، أستاذ المعادن والجيولوجيا الاقتصادية، ووكيل كلية العلوم للدراسات العليا والبحوث، جامعة عين شمس. |
| 250 | _aالتحريرة الثالثة. | ||
| 264 | 1 |
_aالقاهرة : _bمكتبة الأنجلو المصرية، _c1974. |
|
| 300 |
_aك، 430 صفحة : _bإيضاحيات ؛ _c24 سم |
||
| 336 |
_2rdacontent _aنص _btxt |
||
| 337 |
_aبدون وسيط _2rdamedia _bn |
||
| 338 |
_aمجلد _bnc _2rdacarrier |
||
| 500 | _aيشتمل على كشاف. | ||
| 500 | _aيشتمل على قائمة بالتصويبات. | ||
| 504 | _aيشتمل على إرجاعات ببليوجرافية. | ||
| 650 | 7 |
_927748 _aالمعادن. _2BUEsh |
|
| 650 | 7 |
_922058 _aالصخور. _2BUEsh |
|
| 650 | 7 |
_928003 _aالمعادن _xتصنيف. _2BUEsh |
|
| 650 | 7 |
_928004 _aالمعادن _xالخاصية الكهربائية. _2BUEsh |
|
| 650 | 7 |
_928005 _aالمعادن _xالخاصية المغناطيسية. _2BUEsh |
|
| 653 | _cNovember2011 | ||
| 655 | _vReading book | ||
| 942 |
_2ddc _cBB |
||
| 999 |
_c16210 _d16210 |
||